000 00606nam a2200193Ia 4500
005 20250508152420.0
008 008 250505s9999 xx 000 0 eng d
037 _aTextual
040 _aFEDL
_beng
_cFEDL
041 _aeng
_2eng
084 _a157.9, MEE
_qFEDL
100 _aMeehl Paul E.
_987666
245 0 _aClinical versus statistical prediction: A theoretical analysis and a review of the evidence
260 _aMinneapolis
_bUniversity of Minnesota Press
_c1954
300 _ax,149p
650 _aAbnormal psychology
942 _cTEXL
_h157.9, MEE
999 _c1336278
_d1336278